[Event "Titled Tuesday intern op1 3rd March  "]
[Site "Chess.com INT"]
[Date "2020.03.03"]
[Round "2"]
[White "Paiva, Donaldo"]
[Black "Sztokbant, Bernardo Vainzoff"]
[Result "1-0"]
[WhiteElo "2230"]
[BlackElo "2194"]
[PlyCount "71"]
[EventDate "2020.03.03"]
[EventType "swiss (blitz)"]
[EventRounds "10"]
[EventCountry "USA"]
[SourceTitle "EXT 2021"]
[Source "ChessBase"]
[SourceDate "2020.10.23"]
[SourceVersion "1"]
[SourceVersionDate "2020.10.23"]
[SourceQuality "1"]

1. e4 c6 2. d4 d5 3. Nc3 dxe4 4. Nxe4 Bf5 5. Ng3 Bg6 6. Nf3 Nd7 7. h4 h6 8. h5 Bh7 9. Bd3 Bxd3 10. Qxd3 e6 11. Bf4 Qa5+ 12. Bd2 Qc7 13. 0-0-0 Ngf6 14. Rhe1 0-0-0 15. Kb1 Bd6 16. Ne4 Nxh5 17. g3 Nhf6 18. Nxd6+ Qxd6 19. Bf4 Qd5 20. Qa3 a6 21. Ne5 Nxe5 22. Rxe5 Qd7 23. c4 g5 24. Be3 Ng4 25. Rc5 Nxe3 26. fxe3 Kb8 27. b4 Qd6 28. b5 cxb5 29. cxb5 axb5 30. Rdc1 Qa6 31. Qb2 Rc8 32. d5 exd5 33. Qe5+ Ka7 34. Rxc8 Rxc8 35. Rxc8 Qg6+ 36. Kb2 1-0

[Event "Olympiad-43"]
[Site "Batumi"]
[Date "2018.09.28"]
[Round "5.55"]
[White "Paiva, Donaldo"]
[Black "Johnson, Joshua"]
[Result "1/2-1/2"]
[WhiteElo "2206"]
[BlackElo "2261"]
[PlyCount "78"]
[EventDate "2018.09.24"]
[EventType "team-swiss"]
[EventRounds "11"]
[EventCountry "GEO"]
[SourceTitle "CBM 187"]
[Source "ChessBase"]
[SourceDate "2018.12.11"]
[SourceVersion "1"]
[SourceVersionDate "2018.12.11"]
[SourceQuality "1"]
[WhiteTeam "Mozambique"]
[BlackTeam "Trinidad and Tobago"]
[WhiteTeamCountry "MOZ"]
[BlackTeamCountry "TRI"]

1. d4 Nf6 2. c4 e6 3. Nc3 Bb4 4. Qc2 0-0 5. Nf3 c5 6. dxc5 Na6 7. g3 Nxc5 8. Bg2 Nce4 9. 0-0 Nxc3 10. bxc3 Be7 11. e4 d6 12. e5 dxe5 13. Nxe5 Qc7 14. Qe2 Nd7 15. Bf4 Nxe5 16. Bxe5 Bd6 17. Bxd6 Qxd6 18. Rab1 Rb8 19. Qe3 Qa6 20. Rb4 Qxa2 21. Rfb1 Ra8 22. c5 a5 23. R4b2 Qc4 24. Qd4 Qxd4 25. cxd4 a4 26. Rb4 Rd8 27. Rxb7 Bxb7 28. Bxb7 Rab8 29. c6 Rdc8 30. Ra1 Rc7 31. Rxa4 Kf8 32. Rc4 Ke7 33. f4 Kd6 34. Rc5 Re7 35. Kf2 Kc7 36. Ke3 Ree8 37. Ke4 Red8 38. h4 Rd6 39. Rc4 Rbd8 1/2-1/2

[Event "Olympiad-43"]
[Site "Batumi"]
[Date "2018.09.26"]
[Round "3.43"]
[White "Baburin, Alexander"]
[Black "Paiva, Donaldo"]
[Result "1-0"]
[WhiteElo "2452"]
[BlackElo "2206"]
[PlyCount "57"]
[EventDate "2018.09.24"]
[EventType "team-swiss"]
[EventRounds "11"]
[EventCountry "GEO"]
[SourceTitle "CBM 187"]
[Source "ChessBase"]
[SourceDate "2018.12.11"]
[SourceVersion "1"]
[SourceVersionDate "2018.12.11"]
[SourceQuality "1"]
[WhiteTeam "Ireland"]
[BlackTeam "Mozambique"]
[WhiteTeamCountry "IRL"]
[BlackTeamCountry "MOZ"]

1. d4 Nf6 2. c4 g6 3. Nf3 Bg7 4. g3 0-0 5. Bg2 d6 6. 0-0 c6 7. Nc3 Qa5 8. e4 Bg4 9. h3 Bxf3 10. Bxf3 e5 11. d5 cxd5 12. cxd5 Nbd7 13. Bd2 Qd8 14. Qe2 a6 15. h4 Ne8 16. h5 f5 17. hxg6 hxg6 18. Kg2 Bf6 19. Rh1 Ng7 20. Rh6 Kf7 21. Rah1 Bg5 22. Bxg5 Qxg5 23. exf5 gxf5 24. Bh5+ Nxh5 25. R1xh5 Qg8 26. Rxf5+ Ke7 27. Re6+ Kd8 28. Rxf8+ Qxf8 29. Ne4 1-0

[Event "Olympiad-43"]
[Site "Batumi"]
[Date "2018.09.24"]
[Round "1.30"]
[White "Neiksans, Arturs"]
[Black "Paiva, Donaldo"]
[Result "1-0"]
[WhiteElo "2566"]
[BlackElo "2206"]
[PlyCount "67"]
[EventDate "2018.09.24"]
[EventType "team-swiss"]
[EventRounds "11"]
[EventCountry "GEO"]
[SourceTitle "CBM 187"]
[Source "ChessBase"]
[SourceDate "2018.12.11"]
[SourceVersion "1"]
[SourceVersionDate "2018.12.11"]
[SourceQuality "1"]
[WhiteTeam "Latvia"]
[BlackTeam "Mozambique"]
[WhiteTeamCountry "LAT"]
[BlackTeamCountry "MOZ"]

1. e4 c5 2. Nc3 d6 3. d4 cxd4 4. Qxd4 Nc6 5. Qd2 Nf6 6. b3 e6 7. Bb2 Be7 8. 0-0-0 a6 9. Kb1 b5 10. f3 0-0 11. g4 Bb7 12. g5 Nd7 13. h4 Nc5 14. Nh3 b4 15. Nd5 exd5 16. exd5 Nb8 17. Qxb4 Nbd7 18. Qd4 f6 19. h5 Bc8 20. Be2 Rf7 21. g6 Rf8 22. gxh7+ Kxh7 23. Rdg1 Rf7 24. Rg6 Bf8 25. f4 Qe8 26. Bf3 Re7 27. Bc3 Nb6 28. Ng5+ fxg5 29. h6 Bh3 30. hxg7 Qxg6 31. Rxh3+ Kg8 32. Rh8+ Kf7 33. g8Q+ Qxg8 34. Bh5+ 1-0